书目信息 |
| 题名: |
园林建筑与工程
|
|
| 作者: | 王浩 主编 ;陈蓉 编著 | |
| 分册: | ||
| 出版信息: | 苏州 苏州大学出版社 2001.05 |
|
| 页数: | 192页 | |
| 开本: | 26cm | |
| 丛书名: | ||
| 单 册: | ||
| 中图分类: | TU986.4 | |
| 科图分类: | ||
| 主题词: | 园林建筑--yuan lin jian zhu--高等教育--教材 , 园林--yuan lin--工程施工--乡村教育--教材 | |
| 电子资源: | ||
| ISBN: | 7-81037-806-6 | |
| 000 | 01005nam0 2200265 450 | |
| 001 | 012008301794 | |
| 005 | 20080220093359.93 | |
| 010 | @a7-81037-806-6@dCNY19.00 | |
| 100 | @a20080220d2001 em y0chiy0120 ea | |
| 101 | 0 | @achi |
| 102 | @aCN@b320000 | |
| 105 | @aa z 000yy | |
| 106 | @ar | |
| 200 | 1 | @a园林建筑与工程@Ayuan lin jian zhu yu gong cheng@f王浩主编@Fwang hao zhu bian@g陈蓉等编著@Gchen rong deng bian zhu |
| 210 | @a苏州@c苏州大学出版社@d2001.05 | |
| 215 | @a192页@c图@d26cm | |
| 330 | @a本书介绍了园林建筑、园林工程和建筑材料方面的基础知识,并着重介绍了几种最常见、最常用的园林建筑与工程:花坛与座凳的功能与形式、材料与构造;园路的功能与形式、材料与构造等。 | |
| 333 | @a面向农村自学考试实验区教材 | |
| 606 | 0 | @a园林建筑@Ayuan lin jian zhu@x高等教育@j教材 |
| 606 | 0 | @a园林@Ayuan lin@x工程施工@x乡村教育@j教材 |
| 690 | @aTU986.4@v4 | |
| 701 | 0 | @a王浩@Awang hao@4主编 |
| 702 | 0 | @a陈蓉@Achen rong@4编著 |
| 801 | 0 | @aCN@bQSSK@c20080220 |
| 905 | @b281751-53@dTU986.4@eW216@f3 | |
| 园林建筑与工程/王浩主编/陈蓉等编著.-苏州:苏州大学出版社,2001.05 |
| 192页:图;26cm |
| 使用对象:面向农村自学考试实验区教材 |
| ISBN 7-81037-806-6:CNY19.00 |
| 本书介绍了园林建筑、园林工程和建筑材料方面的基础知识,并着重介绍了几种最常见、最常用的园林建筑与工程:花坛与座凳的功能与形式、材料与构造;园路的功能与形式、材料与构造等。 |
| ● |
| 相关链接 |
|
|
|
正题名:园林建筑与工程
索取号:TU986.4/W216
 
预约/预借
| 序号 | 登录号 | 条形码 | 馆藏地/架位号 | 状态 | 备注 |
| 1 | 281751 | 202817513 | 建筑库201/201建筑库 117排1列5层/ [索取号:TU986.4/W216] | 在馆 | |
| 2 | 281752 | 202817522 | 建筑库201/201建筑库 117排1列5层/ [索取号:TU986.4/W216] | 在馆 | |
| 3 | 281753 | 202817531 | 建筑库201/201建筑库 117排1列5层/ [索取号:TU986.4/W216] | 在馆 |